Viagens: geografia, 7º ano

Gespeichert in:
Bibliographische Detailangaben
1. Verfasser: Coelho, João
Weitere Verfasser: Rodrigues, Arinda
Format: keine Angabe
Sprache:Portugiesisch
Erschienen: Cacém Texto 2000
Ausgabe:2ª ed
Katalog:MANES:  Suchergebnis im Bibliothekskatalog
Schulbuchspezifische Eigenschaften:
Tags: Tag hinzufügen
Keine Tags, Fügen Sie den ersten Tag hinzu!
Hinzugefügt zu:26.04.2016
Geändert in:25.04.2025

MARC

LEADER 000000000a22000000004500
001 32905
003 OSt
005 20250425111636.0
008 160427s2000 po 00| 0 por d
041 |a por 
043 |a Portugal 
561 |5 pt-BNP  |a Portugal. Biblioteca Nacional de Portugal  |k MANES 
691 |a SE 
100 1 |a Coelho, João  |9 14905 
700 1 |a Rodrigues, Arinda  |9 14906 
245 0 0 |a Viagens: geografia, 7º ano 
250 |a 2ª ed 
260 3 |a Cacém  |b Texto  |c 2000 
300 |a 46, [2] p.;  |c 27 cm 
690 |a GEO 
942 |2 ddc  |c BK 
546 |a Portugal 
999 |c 36743  |d 36743 
999 |c manes:36743  |d 36743